Name these Davids - Statistics

General Stats
  • This quiz has been taken 143 times
  • The average score is 10 of 20
Answer Stats
Picture Hint Answer % Correct
Footballer David Beckham
91%
Singer David Bowie
90%
US President Dwight David Eisenhower
76%
Actor David Schwimmer
73%
British Prime Minister David Cameron
71%
Late Night Host David Letterman
66%
Broadcaster David Attenborough
63%
Actor David Hasselhoff
62%
Musician Dave Grohl
59%
Illutionist David Copperfield
52%
Actor David Tennant
51%
Comedian Dave Chapelle
46%
Actor, Professional Wrestler Dave Bautista
40%
DJ, Music Producer David Guetta
39%
Filmmaker David Lynch
39%
Singer Davy Jones
27%
British Prime Minister David Lloyd George
22%
Baseball Player David Ortiz
21%
Philosopher, Economist David Hume
15%
Comedian, ACtor David Cross
11%
No matching quizzes found
Score Distribution
Percent of People with Each Score
Percentile by Number Answered
Your Score History
You have not taken this quiz